Resultats des recherches sur la chanson populaire en Hongrie
Elmentve itt :
| Szerző: | |
|---|---|
| Dokumentumtípus: | Cikk |
| Megjelent: |
1933
|
| Sorozat: | Revue des études hongroises
8-11 |
| Kulcsszavak: | Zenetudomány |
| Online Access: | http://acta.bibl.u-szeged.hu/25409 |
| LEADER | 00600nab a2200169 i 4500 | ||
|---|---|---|---|
| 001 | acta25409 | ||
| 005 | 20210720142045.0 | ||
| 008 | 161017s1933 hu o 0|| fre d | ||
| 040 | |a SZTE Egyetemi Kiadványok Repozitórium |b hun | ||
| 041 | |a fre | ||
| 100 | 1 | |a Bartók Béla | |
| 245 | 1 | 0 | |a Resultats des recherches sur la chanson populaire en Hongrie |h [elektronikus dokumentum] / |c Bartók Béla |
| 260 | |c 1933 | ||
| 300 | |a 39-45 | ||
| 490 | 0 | |a Revue des études hongroises |v 8-11 | |
| 695 | |a Zenetudomány | ||
| 856 | 4 | 0 | |u http://acta.bibl.u-szeged.hu/25409/1/etudes_hongroises_008_011_039-045.pdf |z Dokumentum-elérés |